Statistiques concernant Pays les plus proches du Qatar

Cliquez ici pour prendre le quiz!

Statistiques générales

  • Ce quiz a été pris 615 fois
  • Le résultat moyen est 16 sur 20

Statistiques - réponses

kmpays% Correct
0Arabie Saoudite
99%
31Émirats arabes unis
97%
420Oman
96%
618Yémen
95%
493Irak
94%
187Iran
94%
1Bahreïn
92%
379Koweït
90%
1620Israël
88%
1371Jordanie
87%
1340Syrie
86%
1005Pakistan
85%
1020Afghanistan
84%
1370Turquie
80%
1426Turkménistan
67%
1382Azerbaïdjan
63%
1378Somalie
58%
1555Djibouti
55%
1473Érythrée
54%
1460Soudan
38%

Distribution des résultats

Percentile par nombre de réponses

% des personnes avec chaque résultat

Votre développement - résultats

Vous n’avez pas pris ce quiz